00573nam a2200193 i 4500001001100000003000500011005001700016008004100033040002500074082001700099100002900116245005400145264005500199300002500254336002100279337002500300338002300325650003100348C2-0105896PPAK20180727101708.0970614s1960 my |||| ||||| | may d aPPAKbengcPPAKerda04a928.99232230 aAli Haji Ahmad, eauthor10aPenyajak Halim Anwar : bsuatu pengenalan ringkas 1aKuala Lumpur : bDewan Bahasa dan Pustaka , c1960 a[16 pages] ; c21 cm 2rdacontentatext 2rdamediaaunmediated 2rdacarrieravolume10aAuthors, Malay - Biography